00477nam a22001457a 4500020001500000040000900015082001300024100002300037245004700060260003400107650005500141942001200196999001900208952010400227 a0859505219 cNust a510bBOS aL. Bostock9127005 aMathematics - The core course for A- level aLondon:bELBS Society,c1987. aMathematics - The core course for A- level9127006 2ddccBK c612374d612374 00102ddc4070aCEMEbCEMEcGENd2024-12-04o510 BOSpCEME- 29740r2024-12-04w2024-12-04yBKz3.7